| 000 | 00770nam a22002177a 4500 | ||
|---|---|---|---|
| 005 | 20100814135529.0 | ||
| 010 | _aENG-100295 | ||
| 020 |
_a9788190848077 _c175.00 |
||
| 035 | _aEN-83827 | ||
| 037 | _bDBAD/PUB | ||
| 082 | _a900 | ||
| 100 |
_aSelvamuthukumaran,T _913359 |
||
| 245 |
_aNannilam Taluk in History: _ba micro study in historicla perspective / _cby T Selvamuthukumaran |
||
| 250 | _a2nd ed. | ||
| 260 |
_aMayiladuthurai _bPuthagacholat Publisher _c2009 |
||
| 270 |
_a48 Mahathana Street _bMayiladuthurai _e609001 |
||
| 300 |
_av,131p _c21cm(pbk) |
||
| 500 | _aincludes bibliographical references | ||
| 942 |
_2ddc _cEN _h900 _mSEL |
||
| 999 |
_c41895 _d41895 |
||